Statystyki dla kluby z największą ilością wygranych UCL

Kliknij tutaj aby rozwiązać quiz!

Ogólne statystyki

  • Ten quiz został rozwiązany 61 razy
  • Średni wynik to 5 z 8

Statystyki odpowiedzi

HintOdpowiedź% Poprawnych
15 UCLreal madryt
98%
7 UCLac milan
83%
5 UCLfc barcelona
81%
6 UCLliverpool
81%
3 UCLmanchester united
71%
4 UCLajax
49%
6 UCLfc bayern
24%
3 UCLinter medional
0%

Rozkład punktacji

Percentyl według liczby udzielonych odpowiedzi

Procent ludzi z każdym wynikiem

Twoja historia wyników

Nie rozwiązałeś tego quizu